Verb movement and the syntax of Kashmiri
| Published in: | Studies in natural language and linguistic theory |
|---|---|
| Main Author: | |
| Content type: | Book |
| Published: |
Dordrecht:
Kluwer Academic Publishers
1999
|
| Series: | Studies in natural language and linguistic theory ; 46 |
| Source: | MPIPL_cat |
| _version_ | 1863687013381701632 |
|---|---|
| author | Bhatt, Rakesh M. |
| author_facet | Bhatt, Rakesh M. |
| author_search | Bhatt, Rakesh M. |
| author_sort | Bhatt, Rakesh M. |
| author_variant | r m b rm rmb |
| callnumber-first | 210-Bha/3 |
| callnumber-label | 210-BHA/3 |
| callnumber-raw | 210-BHA/3 |
| callnumber-search | 210-BHA/3 |
| collection_details | MPIPL |
| container_title | Studies in natural language and linguistic theory |
| dedup_id_str | MPIPL_cat.PL0092839 |
| dewey-hierarchy | 0/[Unassigned]/ |
| dewey-hierarchy_str | 0/[Unassigned]/ |
| first_indexed | 2026-03-14T00:40:36Z |
| format | 0/Buch/ |
| format_str | 0/Buch/ |
| fullrecord | <?xml version="1.0" encoding="UTF-8"?>
<collection xmlns:xsi="http://www.w3.org/2001/XMLSchema-instance" xsi:schemaLocation="http://www.loc.gov/MARC21/slim http://www.loc.gov/standards/marcxml/schema/MARC21slim.xsd" xmlns="http://www.loc.gov/MARC21/slim">
<record>
<leader>00000cam a2200000 ub4500</leader>
<controlfield tag="001">PL0092839</controlfield>
<controlfield tag="003">PLI01000000000000000090465</controlfield>
<controlfield tag="005">00000000000000.0</controlfield>
<controlfield tag="008"> ||| u </controlfield>
<datafield tag="020" ind1=" " ind2=" ">
<subfield code="a">0-7923-6033-8</subfield>
</datafield>
<datafield tag="020" ind1=" " ind2=" ">
<subfield code="a">9780792360339</subfield>
</datafield>
<datafield tag="090" ind1=" " ind2=" ">
<subfield code="a">210-Bha/3</subfield>
</datafield>
<datafield tag="100" ind1="1" ind2=" ">
<subfield code="a">Bhatt, Rakesh M.</subfield>
</datafield>
<datafield tag="245" ind1="0" ind2="0">
<subfield code="a">Verb movement and the syntax of Kashmiri</subfield>
<subfield code="c">by Rakesh Mohan Bhatt</subfield>
</datafield>
<datafield tag="260" ind1=" " ind2=" ">
<subfield code="a">Dordrecht</subfield>
<subfield code="b">Kluwer Academic Publishers</subfield>
<subfield code="c">1999</subfield>
</datafield>
<datafield tag="300" ind1=" " ind2=" ">
<subfield code="a">XIV, 291 p.</subfield>
</datafield>
<datafield tag="989" ind1=" " ind2=" ">
<subfield code="a">01-01</subfield>
</datafield>
<datafield tag="490" ind1="0" ind2=" ">
<subfield code="a">Studies in natural language and linguistic theory</subfield>
<subfield code="v">46</subfield>
</datafield>
<datafield tag="830" ind1=" " ind2="0">
<subfield code="w">PL0000540</subfield>
</datafield>
<datafield tag="696" ind1=" " ind2=" ">
<subfield code="a">Bhatt, Rakesh Mohan</subfield>
</datafield>
<datafield tag="696" ind1=" " ind2=" ">
<subfield code="a">Mohan Bhatt, R.</subfield>
</datafield>
<datafield tag="852" ind1=" " ind2=" ">
<subfield code="c">210-Bha/3</subfield>
<subfield code="m">BOOK</subfield>
</datafield>
</record>
</collection>
|
| hierarchy_parent_id | MPIPL_cat.PL0000540 |
| hierarchy_parent_title | Studies in natural language and linguistic theory |
| id | MPIPL_cat.PL0092839 |
| illustrated | Not Illustrated |
| institution | MPIPL_cat |
| institution_str | MPIPL_cat |
| isbn | 9780792360339 0-7923-6033-8 |
| language | und |
| language_str | und |
| last_indexed | 2026-04-27T23:42:05Z |
| local_fields | 01-01 |
| online | false |
| online_MPIPL_cat | false |
| online_str | false |
| physical | XIV, 291 p. |
| publishDate | 1999 |
| publishDate_str | 1999 |
| publisher | Kluwer Academic Publishers |
| record_format | marc |
| series | Studies in natural language and linguistic theory |
| signature_search | 210-Bha/3 |
| spelling | Bhatt, Rakesh M. Verb movement and the syntax of Kashmiri by Rakesh Mohan Bhatt Dordrecht Kluwer Academic Publishers 1999 XIV, 291 p. Studies in natural language and linguistic theory 46 PL0000540 Bhatt, Rakesh Mohan Mohan Bhatt, R. |
| spellingShingle | Bhatt, Rakesh M. Verb movement and the syntax of Kashmiri Studies in natural language and linguistic theory |
| title | Verb movement and the syntax of Kashmiri |
| title_full | Verb movement and the syntax of Kashmiri by Rakesh Mohan Bhatt |
| title_fullStr | Verb movement and the syntax of Kashmiri by Rakesh Mohan Bhatt |
| title_full_unstemmed | Verb movement and the syntax of Kashmiri by Rakesh Mohan Bhatt |
| title_search | Verb movement and the syntax of Kashmiri Studies in natural language and linguistic theory |
| title_short | Verb movement and the syntax of Kashmiri |
| title_sort | verb movement and the syntax of kashmiri by rakesh mohan bhatt |